The book of doors (Record no. 4812)
[ view plain ]
| 000 -CABECERA | |
|---|---|
| campo de control de longitud fija | 02038nam a22002057a 4500 |
| 008 - DATOS DE LONGITUD FIJA--INFORMACIÓN GENERAL | |
| campo de control de longitud fija | 250702b |||||||| |||| 00| 0 eng d |
| 020 ## - NÚMERO INTERNACIONAL ESTÁNDAR DEL LIBRO | |
| Número Internacional Estándar del Libro | 9781787637245 |
| 040 ## - FUENTE DE LA CATALOGACIÓN | |
| Centro/agencia transcriptor | tbs |
| 041 ## - CÓDIGO DE LENGUA | |
| Código de lengua del texto/banda sonora o título independiente | eng |
| 100 ## - ENTRADA PRINCIPAL--NOMBRE DE PERSONA | |
| Nombre de persona | Brown, Gareth |
| 9 (RLIN) | 25629 |
| Término indicativo de función/relación | author |
| 245 ## - MENCIÓN DE TÍTULO | |
| Título | The book of doors |
| Mención de responsabilidad, etc. | / Gareth Brown. |
| 260 ## - PUBLICACIÓN, DISTRIBUCIÓN, ETC. | |
| Lugar de publicación, distribución, etc. | London : |
| Nombre del editor, distribuidor, etc. | Penguin Random House, |
| Fecha de publicación, distribución, etc. | 2024. |
| 300 ## - DESCRIPCIÓN FÍSICA | |
| Extensión | 407 pages ; |
| Dimensiones | 24 cm. |
| 520 ## - SUMARIO, ETC. | |
| Sumario, etc. | <br/>Cassie Andrews works in a New York City bookshop, shelving books, making coffee for customers, and living an unassuming, ordinary life. Until the day one of her favorite customers--a lonely yet charming old man--dies right in front of her. Cassie is devastated. She always loved his stories, and now she has nothing to remember him by. Nothing but the last book he was reading. But this is no ordinary book... It is the Book of Doors. Inscribed with enigmatic words and mysterious drawings, it promises Cassie that any door is every door. You just need to know how to open them. Then she's approached by a gaunt stranger in a rumpled black suit with a Scottish brogue who calls himself Drummond Fox. He's a librarian who keeps watch over a unique set of rare volumes. The tome now in Cassie's possession is not the only book with great power, but it is the one most coveted by those who collect them. Now Cassie is being hunted by those few who know of the Special Books. With only her roommate Izzy to confide in, she has to decide if she will help the mysterious and haunted Drummond protect the Book of Doors--and the other books in his secret library's care--from those who will do evil. Because only Drummond knows where the unique library is and only Cassie's book can get them there. But there are those willing to kill to obtain those secrets. And a dark force--in the form of a shadowy, sadistic woman--is at the very top of that list. |
| 650 #0 - PUNTO DE ACCESO ADICIONAL DE MATERIA--TÉRMINO DE MATERIA | |
| Término de materia o nombre geográfico como elemento de entrada | Booksellers and bookselling |
| Subdivisión de forma | Fiction |
| 9 (RLIN) | 25630 |
| 650 #0 - PUNTO DE ACCESO ADICIONAL DE MATERIA--TÉRMINO DE MATERIA | |
| Término de materia o nombre geográfico como elemento de entrada | Magic |
| Subdivisión de forma | Fiction |
| 9 (RLIN) | 24059 |
| 650 #0 - PUNTO DE ACCESO ADICIONAL DE MATERIA--TÉRMINO DE MATERIA | |
| Término de materia o nombre geográfico como elemento de entrada | Good and evil |
| Subdivisión de forma | Fiction |
| 9 (RLIN) | 24131 |
| 651 #0 - PUNTO DE ACCESO ADICIONAL DE MATERIA--NOMBRE GEOGRÁFICO | |
| Nombre geográfico | New York (N.Y.) |
| Subdivisión de forma | Fiction |
| 9 (RLIN) | 24052 |
| 942 ## - ELEMENTOS DE ENTRADA AGREGADA (KOHA) | |
| Fuente del sistema de clasificación o colocación | Clasificación de Library of Congress |
| Estado de retiro | Estado de pérdida | Fuente del sistema de clasificación o colocación | Estado dañado | No para préstamo | Biblioteca de origen | Biblioteca actual | Fecha de adquisición | Total de préstamos | Signatura topográfica completa | Código de barras | Fecha visto por última vez | Fecha del último préstamo | Número de copia | Precio válido a partir de | Tipo de ítem Koha |
|---|---|---|---|---|---|---|---|---|---|---|---|---|---|---|---|
| Clasificación de Library of Congress | TBS Barcelona | TBS Barcelona | 02/07/2025 | 3 | P-EN BRO | B05800 | 15/05/2026 | 02/02/2026 | 1 | 02/07/2025 | Book |

